000 00547nam a2200205Ia 4500
003 GCL
008 140319s9999 xx 000 0 eng d
040 _aGCL /
_cGCL
082 0 4 _a
_b617.601
_bS C
100 1 _aSCUILY, CRISPTIN
245 1 0 _aCOLORATLALS OF ORAL DISEASES IN CHILDREN AND ADOLECENTS /
_cSCUILY, CRISPTIN
700 1 _aWEIBURY,RICHARD
260 _a[S.N] :
_bWOLFE PUBLISHING ،
_c1994
300 _a124P
650 0 4 _aCHILDREN
650 0 4 _aMEDICINE
650 0 4 _aORAL DISEASES
650 0 4 _aADOLESCENTS
942 _2ddc
_cBK
999 _c10819
_d10819